American Ninja Warrior Quiz - Statistics

General Stats
  • This quiz has been taken 250 times
  • The average score is 15 of 35
Answer Stats
Question Answer % Correct
The original concept comes from which country? Japan
95%
Minimum age to partake the competition? 19 (originally 21)
86%
Original release year of ANW is? 2009
83%
Name a CITY where a city qualifier has been held? (Greater) Los Angeles
69%
The original name (in Latin alphabet) is? Sasuke
67%
What is the location of national finals? The Strip, Las Vegas
62%
Name a CITY where a city qualifier has been held? Dallas
55%
What is the highest prize money for victory (USD)? 1,000,000
54%
Name a CITY where a city qualifier has been held? Miami
53%
Name any of the teams that won USA vs. the World? USA and Europe
49%
Name a CITY where a city qualifier has been held? Houston
47%
Maximum age to partake the competition? None
45%
Name a CITY where a city qualifier has been held? Baltimore
43%
What is the final obstacle on city qualifiers called? Warped Wall
43%
Name a CITY where a city qualifier has been held? Denver
42%
Who's the longest working play-by-play annoucer? Matt Iseman
41%
Name 1/3 American Ninja Warrior (completed all)? Isaac Caldiero
39%
Name 1/3 American Ninja Warrior (completed all)? Geoff Britten
38%
Name a CITY where a city qualifier has been held? Philadelphia
38%
Name 1/3 American Ninja Warrior (completed all)? Drew Drechsel
37%
Name a CITY where a city qualifier has been held? San Antonio
34%
Name a CITY where a city qualifier has been held? St. Louis
34%
Name a CITY where a city qualifier has been held? Orlando
33%
Name a CITY where a city qualifier has been held? Atlanta
32%
Name a CITY where a city qualifier has been held? Oklahoma City
30%
Before which the show was known as? American Ninja Challenge
28%
Name a CITY where a city qualifier has been held? Cincinnati
28%
What is the final obstacle on national finals? Rope Climb
28%
Name a CITY where a city qualifier has been held? Cleveland
26%
Name a CITY where a city qualifier has been held? Kansas City
26%
Name a CITY where a city qualifier has been held? Pittsburgh
26%
Name a CITY where a city qualifier has been held? Indianapolis
25%
Name a CITY where a city qualifier has been held? Daytona Beach
23%
Name a CITY where a city qualifier has been held? Tacoma
23%
Name a CITY where a city qualifier has been held? Minneapolis
19%
No matching quizzes found
Score Distribution
Percent of People with Each Score
Percentile by Number Answered
Your Score History
You have not taken this quiz